000 00797cam a22002533a 4500
001 21878
003 PGUSA
005 20140828083451.0
008 070620s2007||||xxu|||||s|||||000 | eng d
040 _aPGUSA
_beng
042 _adc
050 4 _aG
100 1 _aAmundsen, Roald,
_d1872-1928
245 1 0 _aDe Noordwestelijke Doorvaart :
_bDe Aarde en haar Volken, 1909
_h[electronic resource] /
_cRoald Amundsen
260 _bProject Gutenberg,
_c2007
506 _aPublic domain in the USA.
516 _aElectronic text
653 _aNorthwest Passage -- Discovery and exploration
653 _aGjøa (Ship)
653 _aAmundsen, Roald, 1872-1928 -- Travel -- Northwest Passage
830 0 _aProject Gutenberg
_v21878
856 4 0 _uhttp://www.gutenberg.org/ebooks/21878
942 _cEB
999 _c251133
_d251133